000 00454nam a2200169Ia 4500
001 19640
003 GE_BSU
008 181216s||||||||xx |||||||||||||| ||und||
040 _cGE_BSU
245 4 _aThe Economist. December 10th-16th. Volume 421. Number 9019
260 _aParis
260 _c2016
300 _a80p. 27cm.
653 _aThe Economist. Volume 421. Number 9019. December 10th-16th.
653 _aპერიოდიკა
942 _cCR
999 _c52616
_d52616